Statistics for 50 Biggest Cities in Ohio

Click here to take the quiz!

General Stats

  • This quiz has been taken 43 times
  • The average score is 18 of 50

Answers on the Map

Answers color-coded by a green-red scale on the quiz's map according to % correct below.
 

Answer Stats

PopulationCity% Correct
309,317Cincinnati
97%
372,624Cleveland
97%
905,748Columbus
97%
270,871Toledo
94%
190,469Akron
91%
137,644Dayton
88%
60,068Youngstown
70%
70,872Canton
64%
58,662Springfield
58%
35,579Lima
48%
40,313Findlay
42%
65,211Lorain
42%
81,146Parma
42%
51,114Cuyahoga Falls
39%
49,328Dublin
39%
52,656Elyria
39%
63,399Hamilton
39%
57,862Kettering
36%
50,942Lakewood
36%
47,534Mansfield
36%
50,987Middletown
36%
49,692Euclid
33%
30,808Bowling Green
30%
45,312Cleveland Heights
30%
49,934Newark
30%
41,302Delaware
27%
39,201Warren
27%
40,552Lancaster
21%
35,999Marion
21%
37,114Hilliard
18%
34,792Mason
18%
32,146Massillon
18%
47,450Mentor
18%
31,322North Royalton
18%
41,076Reynoldsburg
18%
46,491Strongsville
18%
36,800Upper Arlington
18%
35,426Brunswick
15%
44,907Fairfield
15%
35,726Gahanna
15%
41,252Grove City
15%
32,442North Olmsted
15%
34,483Stow
15%
39,190Westerville
15%
34,228Westlake
15%
46,549Beavercreek
12%
34,510Fairborn
12%
43,439Huber Heights
12%
35,280North Ridgeville
12%
34,431Boardman
9%

Score Distribution

Percentile by Number Answered

Percent of People with Each Score

Your Score History

You have not taken this quiz